000 00689nam a22002292 4500
001 0000002095
005 20151217151839.0
008 070402s xx 000 0 eng d
020 _cKES 8,400
040 _aKABU
_cKABU
050 0 _aHF1411
_b.C83 1996
245 1 0 _aCurrent issues in international trade /
_cedited by David Greenaway.
250 _a2nd ed.
260 _aHoundsmills :
_bMacmillan,
_c1996.
300 _axi, 258 p.
650 0 _aCommercial policy.
_@0000151318
650 0 _aInternational economic relations.
_@0000144571
700 1 _aGreenaway, David.
_@0000151319
908 _a070402
950 _@1
999 _c5642
_d5642